000 00456nam a22001817a 4500
003 MPLRDC
005 20220104163307.0
008 210129b ||||| |||| 00| 0 eng d
020 _a967-933-139-3
082 _a859.61 HOWE
100 _aMUBIN SHEPPARD
245 _aTHE ADVENTURES OF HANG TUAH
_c
250 _a第八版
260 _a
_bPENERBIT FAJAR BAKTI S/B
_c1988
300 _b
650 _aCHILDREN LITERATURE
942 _cBK
_o859.61 HOWE
999 _c56387
_d56377